01133nam a2200217 i 450000100060000000300090000600500170001500700030003200800410003510000460007624502460012226000710036830000380043949000850047761000510056265100530061383000890066685200220075599900170077795201210079430468ES-MaACL20250815022956.0t|151013s1928 sp ||||1| spa d1 aRubio y Moreno, Luis, d1869-1931915789210aInventario general de registros cedularios del Archivo General de Indias de Sevilla : bpresentado por el autor en el Congreso de Historia y Geografía celebrado en 1921, siendo subjefe del Archivo General de Indias / cLuis Rubio y Moreno. aMadrid : bCompañía-Iberoamericana de Publicaciones, c[1928?] a431., [8] h. de lám. ; c25 cm.1 aColección de documentos inéditos para la historia de Hispano-América ; v524aArchivo General de Indias-xCatálogos.91431 4aAmérica española-xHistoria-vFuentes.9772810aColección de documentos inéditos para la historia de Hispanoaméricav591876704 aES-MaACLjC-12702 c30468d30468 00104070aATENEOMbATENEOMcSPALd2015-10-13eSCl0oC-12702p1194246r2023-02-23 00:00:00w2023-02-23yMONOGRAFIA